| 000 | 00000nam##2200000za#4500 |
| 001 | 9.568566 |
| 003 | CaOODSP |
| 005 | 20240215150447 |
| 007 | cr ||||||||||| |
| 008 | 150406|2007||||xxc|||||o f|0| 0 eng|d |
| 040 | |aCaOODSP|beng |
| 043 | |an-cn--- |
| 086 | 1 |aPS83-3/191E-PDF |
| 110 | 2 |aCorrectional Service Canada. |
| 245 | 10|aRevalidation of the Security Reclassification Scale for Women (SRSW) / |h[electronic resource]|c[by] Renée Gobeil. |
| 260 | |bCorrectional Service Canada |cSeptember 2007. |
| 300 | |a70p.|bgraphs, references, tables |
| 490 | 1 |aResearch report|vR-191 |
| 590 | |a11-01-Supp|b2011-01-11 |
| 720 | 1 |aGobeil, Renée |
| 775 | 08|tRevalidation de l'Échelle de réévaluation du niveau de sécurité pour les délinquantes (ERNSD) / |w(CaOODSP)9.599840 |
| 830 | #0|aResearch report (Correctional Service Canada. Research Branch)|vR-191|w(CaOODSP)9.506063 |
| 856 | 40|ahttp://publications.gc.ca|qPDF|s442 KB|uhttps://publications.gc.ca/collections/collection_2010/scc-csc/PS83-3-191-eng.pdf|yR-191 |